Stratégia trvalo udržateľného rozvoja v podmienkach SR diplomová práca

Enregistré dans:
Détails bibliographiques
Auteur principal: Volnerová, Silvia
Collectivité auteur: Národohospodárska fakulta EU. Katedra hospodárskej politiky
Autres auteurs: Fifeková, Elena
Format: Livre
Langue:slovaque
Publié: Bratislava 2009
Tags: Ajouter un tag
Pas de tags, Soyez le premier à ajouter un tag!

MARC

LEADER 00000nam$a2200000$$$4500
001 0095836
005 20240319123856.8
041 0 |a slo 
044 |a SK 
245 1 0 |a Stratégia trvalo udržateľného rozvoja v podmienkach SR  |b diplomová práca  |c Silvia Volnerová ; škol. Elena Fifeková 
264 1 |a Bratislava  |c 2009 
300 |a 66 s. 
100 1 |a Volnerová, Silvia 
700 1 |a Fifeková, Elena 
710 2 |a Národohospodárska fakulta EU. Katedra hospodárskej politiky